000
00285nam a2200109Ia 4500
008
171211s9999 xx 000 0 und d
245
_a
Rice: A Global History
245
_c
Renee Marton
260
_c
2014
650
_x
COOKBOOKS
856
_u
http://down.ebook777.com/063/1780233507.pdf
999
_c
348140
_d
348140